<?xml version="1.0" encoding="UTF-8"?>
<record
    xmlns:xsi="http://www.w3.org/2001/XMLSchema-instance"
    xsi:schemaLocation="http://www.loc.gov/MARC21/slim http://www.loc.gov/standards/marcxml/schema/MARC21slim.xsd"
    xmlns="http://www.loc.gov/MARC21/slim">

  <leader>03214nam a2200337 a 4500</leader>
  <controlfield tag="001">Z_6311</controlfield>
  <controlfield tag="003">CHAP</controlfield>
  <controlfield tag="005">20251113142225.0</controlfield>
  <controlfield tag="007">ta</controlfield>
  <controlfield tag="008">220113s2012    -usao  fr     001 0 spa d</controlfield>
  <datafield tag="010" ind1=" " ind2=" ">
    <subfield code="a">169555</subfield>
  </datafield>
  <datafield tag="020" ind1=" " ind2=" ">
    <subfield code="a">978-1-4633-3618-9  </subfield>
    <subfield code="q">(tapa blanda)</subfield>
  </datafield>
  <datafield tag="040" ind1=" " ind2=" ">
    <subfield code="a">Z</subfield>
    <subfield code="c">CHAP</subfield>
  </datafield>
  <datafield tag="041" ind1="0" ind2=" ">
    <subfield code="b">Espa&#xF1;ol</subfield>
    <subfield code="f">Espa&#xF1;ol</subfield>
  </datafield>
  <datafield tag="082" ind1="0" ind2="0">
    <subfield code="a">599.7357 </subfield>
    <subfield code="b">R36 2012</subfield>
    <subfield code="2">20</subfield>
  </datafield>
  <datafield tag="100" ind1="1" ind2=" ">
    <subfield code="a">Ram&#xED;rez Lozano, Roque Gonzalo</subfield>
    <subfield code="9">94105</subfield>
    <subfield code="e">autor</subfield>
  </datafield>
  <datafield tag="245" ind1="1" ind2="0">
    <subfield code="a">Alimentaci&#xF3;n del venado cola blanca :</subfield>
    <subfield code="b">biolog&#xED;a y ecolog&#xED;a nutricional  /</subfield>
    <subfield code="c">Roque Gonzalo Ram&#xED;rez Lozano</subfield>
  </datafield>
  <datafield tag="264" ind1=" " ind2="1">
    <subfield code="a">Estados Unidos de Am&#xE9;rica :</subfield>
    <subfield code="b">Palibrio,</subfield>
    <subfield code="c">2012</subfield>
  </datafield>
  <datafield tag="300" ind1=" " ind2=" ">
    <subfield code="a">354 p&#xE1;ginas :</subfield>
    <subfield code="b">ilustraciones, fotograf&#xED;as, tablas</subfield>
  </datafield>
  <datafield tag="500" ind1=" " ind2=" ">
    <subfield code="a">ej.1: Donado por Roque Gonzalo Ram&#xED;rez Lozano (el autor) el 07 de noviembre del 2012</subfield>
  </datafield>
  <datafield tag="504" ind1=" " ind2=" ">
    <subfield code="a">Bibliograf&#xED;a: p. 319 - 351</subfield>
  </datafield>
  <datafield tag="505" ind1="0" ind2=" ">
    <subfield code="a">Presentaci&#xF3;n -- Cap&#xED;tulo 1: Biolog&#xED;a y comportamiento -- Cap&#xED;tulo 2: Fisiolog&#xED;a digestiva -- Cap&#xED;tulo 3: Agua -- Cap&#xED;tulo 4: H&#xE1;bitat del venado cola blanca -- Cap&#xED;tulo 5: Forrajes nativos -- Cap&#xED;tulo 6: Prote&#xED;nas -- Cap&#xED;tulo 7: Carbohidratos -- Cap&#xED;tulo 8: L&#xED;pidos -- Cap&#xED;tulo 9: Energ&#xED;a -- Cap&#xED;tulo 10: Minerales -- Cap&#xED;tulo 11: Vitaminas -- Cap&#xED;tulo 12: Lignina -- Cap&#xED;tulo 13: Taninos -- Cap&#xED;tulo 14: Consumo de forraje -- Cap&#xED;tulo 15: T&#xE9;cnicas de investigaci&#xF3;n en nutrici&#xF3;n -- Bibliograf&#xED;a</subfield>
  </datafield>
  <datafield tag="520" ind1="2" ind2=" ">
    <subfield code="a">El venado cola blanca (Odocoileus virginianus) es un animal silvestre que habita pr&#xE1;cticamente en todo el Continente Americano. En M&#xE9;xico, pr&#xE1;cticamente en todo el pa&#xED;s, excepto en la Pen&#xED;nsula de Baja California. Tiene alrededor de 500,000 a&#xF1;os en su forma actual y 20 millones de evoluci&#xF3;n. Econ&#xF3;micamente es considerado el trofeo de cacer&#xED;a mayor m&#xE1;s importante en todo el mundo. Presenta dimorfismos sexuales al mostrar diferencias de forma, coloraci&#xF3;n y tama&#xF1;o entre machos y hembras.  tiene h&#xE1;bitos crepusculares, pueden  encontrarse en grupos de 2 a 6 y hasta 15 individuos. Tienen un &#xF3;rgano conocido como vomeronasal. Es un &#xF3;rgano auxiliar del sentido del olfato que le da al venado un sexto sentido y que es usado principalmente durante el apareamiento, para detectar sustancias secretadas por las hembras. Tiene h&#xED;gado pero no tiene ves&#xED;cula biliar. Su carne magra y bajo contenido de colesterol. Es rumiante y herb&#xED;voro. Forrajea la vegetaci&#xF3;n para consumir hojas, brotes, frutos y semillas, as&#xED; como hongos. El h&#xE1;bitat se encuentra pr&#xE1;cticamente en todos los h&#xE1;bitats, siempre que estos le proporcionen suficiente refugio y alimento. No es com&#xFA;n en las partes m&#xE1;s secas y abiertas del matorral xer&#xF3;filo ni en las m&#xE1;s densas y h&#xFA;medas del bosque tropical perennifolio. Los microbios en el rumen, adem&#xE1;s de que sintetizan las vitaminas hidrosolubles del complejo B y la K que es liposoluble, hacen posible que el venado obtenga nutrientes que no son disponibles a los animales no rumiantes y convierten nitr&#xF3;geno no proteico a prote&#xED;na bacteriana, rica en amino&#xE1;cidos.</subfield>
  </datafield>
  <datafield tag="650" ind1="1" ind2="3">
    <subfield code="a">Venados</subfield>
    <subfield code="9">118663</subfield>
  </datafield>
  <datafield tag="650" ind1="1" ind2="3">
    <subfield code="a">Venados </subfield>
    <subfield code="x"> Nutrici&#xF3;n</subfield>
    <subfield code="9">142679</subfield>
  </datafield>
  <datafield tag="650" ind1="1" ind2="3">
    <subfield code="a">Venados </subfield>
    <subfield code="x"> Alimentaci&#xF3;n</subfield>
    <subfield code="9">144431</subfield>
  </datafield>
  <datafield tag="901" ind1=" " ind2=" ">
    <subfield code="a">599.7357 R36 2012</subfield>
  </datafield>
  <datafield tag="902" ind1=" " ind2=" ">
    <subfield code="a">M</subfield>
  </datafield>
  <datafield tag="910" ind1=" " ind2=" ">
    <subfield code="a">2012</subfield>
  </datafield>
  <datafield tag="942" ind1=" " ind2=" ">
    <subfield code="2">ddc</subfield>
    <subfield code="c">LIBRO</subfield>
  </datafield>
  <datafield tag="999" ind1=" " ind2=" ">
    <subfield code="c">169555</subfield>
    <subfield code="d">169555</subfield>
  </datafield>
  <datafield tag="952" ind1=" " ind2=" ">
    <subfield code="0">0</subfield>
    <subfield code="1">0</subfield>
    <subfield code="2">ddc</subfield>
    <subfield code="4">0</subfield>
    <subfield code="5">1</subfield>
    <subfield code="7">0</subfield>
    <subfield code="8">GRAL</subfield>
    <subfield code="a">Z</subfield>
    <subfield code="b">Z</subfield>
    <subfield code="d">2012-11-07</subfield>
    <subfield code="e">Donaci&#xF3;n</subfield>
    <subfield code="o">599.7357 R36 2012</subfield>
    <subfield code="p">5102005993</subfield>
    <subfield code="r">2022-01-18 00:00:00</subfield>
    <subfield code="t">Ej.1</subfield>
    <subfield code="w">2022-01-18</subfield>
    <subfield code="y">LIBRO</subfield>
  </datafield>
</record>
